000 00705cam a2200241 a 4500
001 000005522
005 20200929151711.0
008 800213s1979 sp 001 d spa
020 _a8424502604
040 _aDO-SdBNP
_cDLC
_dDLC
082 _a862.64
_bR763v
100 1 _aRomero Esteo, Miguel,
_d1930-
_915628
245 1 3 _aEl vodevil de la palida, palida, palida rosa /
_cMiguel Romero Esteo.
260 _aMadrid :
_bFundamentos,
_c1979.
300 _a261 p. ;
_c20 cm.
490 1 _aEspiral
_v31
650 4 _aTeatro español
_93071
650 4 _aLiteratura española
_ySIGLOXXI
_915629
830 0 _aEspiral
_v31
_914718
910 _aCatalogación por copia / LC
910 _aWM
049 _aBNGR
999 _c5321
_d5321